[Event "Chigorin Memorial 29th"]
[Site "St Petersburg"]
[Date "2022.10.29"]
[Round "8"]
[White "Beznosov, Timofey"]
[Black "Sedunov, Andrey"]
[Result "1-0"]
[WhiteElo "1745"]
[BlackElo "1530"]
[PlyCount "77"]
[EventDate "2022.10.22"]
[EventType "swiss"]
[EventRounds "9"]
[EventCountry "RUS"]
[SourceTitle "EXT 2024"]
[Source "ChessBase"]
[SourceDate "2023.10.10"]
[SourceVersion "1"]
[SourceVersionDate "2023.10.10"]
[SourceQuality "1"]

1. e4 e5 2. Nf3 Nc6 3. Bc4 Bc5 4. b4 Bxb4 5. c3 Be7 6. d4 d6 7. 0-0 Na5 8. dxe5 Nxc4 9. Qa4+ Qd7 10. Qxc4 Qc6 11. Qd3 Be6 12. exd6 Bxd6 13. Nd4 Bc4 14. Qf3 Qa6 15. Re1 Ne7 16. e5 Bc5 17. e6 0-0 18. exf7+ Rxf7 19. Qg4 Raf8 20. Be3 Nd5 21. Nd2 Nxe3 22. fxe3 Rf6 23. Ne4 Rg6 24. Nxc5 Rxg4 25. Nxa6 Bxa6 26. Ne6 Rf7 27. Rad1 h5 28. h3 Rg6 29. Rd8+ Kh7 30. Nf8+ Rxf8 31. Rxf8 Rc6 32. e4 Rxc3 33. e5 Rc2 34. e6 Rxa2 35. Re5 Re2 36. Rxe2 Bxe2 37. e7 Bb5 38. e8Q Bxe8 39. Rxe8 1-0

[Event "Chigorin Memorial 29th"]
[Site "St Petersburg"]
[Date "2022.10.28"]
[Round "7"]
[White "Satanovskaia, Evgeniia"]
[Black "Sedunov, Andrey"]
[Result "1-0"]
[WhiteElo "1920"]
[BlackElo "1530"]
[PlyCount "67"]
[EventDate "2022.10.22"]
[EventType "swiss"]
[EventRounds "9"]
[EventCountry "RUS"]
[SourceTitle "EXT 2024"]
[Source "ChessBase"]
[SourceDate "2023.10.10"]
[SourceVersion "1"]
[SourceVersionDate "2023.10.10"]
[SourceQuality "1"]

1. d4 d5 2. c4 e6 3. Nc3 Nf6 4. cxd5 exd5 5. Bg5 Be7 6. e3 c6 7. Qc2 0-0 8. Bd3 Nbd7 9. Nge2 Re8 10. 0-0 Nf8 11. f3 g6 12. Rad1 Ne6 13. Bh4 b5 14. Bf2 a5 15. h3 Ba6 16. e4 b4 17. Na4 Bxd3 18. Qxd3 Rc8 19. e5 Nh5 20. Be3 c5 21. f4 Nhg7 22. g4 cxd4 23. Nxd4 Nxd4 24. Qxd4 Rc2 25. Qxd5 Qc8 26. Rc1 h5 27. Nb6 Qc7 28. Qe4 Bc5 29. Nd5 Bxe3+ 30. Qxe3 Rxc1 31. Nf6+ Kf8 32. Rxc1 Qe7 33. Nxe8 Nxe8 34. Qc5 1-0

[Event "St Petersburg Amir Cup Rapid"]
[Site "St Petersburg"]
[Date "2021.05.22"]
[Round "3"]
[White "Sedunov, Andrey"]
[Black "Gnidenko, Andrey"]
[Result "0-1"]
[WhiteElo "1413"]
[BlackElo "2197"]
[PlyCount "126"]
[EventDate "2021.05.22"]
[EventType "swiss (rapid)"]
[EventRounds "9"]
[EventCountry "RUS"]
[SourceTitle "CBM 202 Extra"]
[Source "ChessBase"]
[SourceDate "2021.07.31"]
[SourceVersion "1"]
[SourceVersionDate "2021.07.31"]
[SourceQuality "1"]

1. e4 Nf6 2. e5 Nd5 3. d4 d6 4. Nf3 Nb6 5. c3 g6 6. Bd3 Bg7 7. exd6 cxd6 8. Bf4 0-0 9. 0-0 Nc6 10. Re1 Re8 11. Qc2 e5 12. dxe5 dxe5 13. Bg5 Qc7 14. Na3 a6 15. h3 Be6 16. Rad1 Rac8 17. Qb1 f5 18. Bc2 h6 19. Be3 Nd5 20. Bb3 Nxe3 21. Bxe6+ Rxe6 22. Rxe3 e4 23. Nd2 Ne5 24. Nb3 Rb6 25. Qc2 Rd8 26. Rxd8+ Qxd8 27. Re2 Qg5 28. Nc1 Rd6 29. Kf1 b5 30. Nb1 h5 31. Rd2 Rxd2 32. Qxd2 Qxd2 33. Nxd2 Bh6 34. Ke2 Kf7 35. b3 Ke6 36. b4 Kd5 37. Ncb3 Nd3 38. f3 Bg5 39. fxe4+ fxe4 40. Nd4 Bf6 41. N4b3 Bxc3 42. a3 Bb2 43. Ke3 Bxa3 44. Nxe4 Nxb4 45. Nf6+ Ke6 46. Ne4 Nd5+ 47. Kf3 Ke5 48. g4 Bb4 49. gxh5 gxh5 50. Nbc5 Bxc5 51. Nxc5 a5 52. Ke2 Nf4+ 53. Kd2 Nxh3 54. Nb7 a4 55. Kc3 Nf4 56. Nc5 h4 57. Nd7+ Kf5 58. Nc5 h3 59. Kb4 h2 60. Kxb5 h1Q 61. Nd3 Nxd3 62. Kxa4 Qb7 63. Ka5 Ke5 0-1